[Event "BUL-ch U18"]
[Site "Bulgaria"]
[Date "2001.??.??"]
[Round "4"]
[White "Iotov, Valentin Dimitrov"]
[Black "Iordanov, Stoian"]
[Result "1-0"]
[WhiteElo "2130"]
[BlackElo "1990"]
[PlyCount "78"]
[EventDate "2001.??.??"]
[EventType "swiss"]
[EventRounds "9"]
[EventCountry "BUL"]
[SourceTitle "EXT 2006"]
[Source "ChessBase"]
[SourceDate "2005.11.24"]
[SourceVersion "1"]
[SourceVersionDate "2005.11.24"]
[SourceQuality "1"]

1. d4 d5 2. c4 e5 3. dxe5 d4 4. Nf3 Nc6 5. g3 Bf5 6. Bg2 Nb4 7. 0-0 d3 8. exd3 Bxd3 9. Qa4+ b5 10. cxb5 Bxf1 11. Bxf1 Bc5 12. Nc3 Nd5 13. b6+ Kf8 14. Qc6 cxb6 15. Qxd5 Qxd5 16. Nxd5 Ne7 17. Nxe7 Kxe7 18. Bg5+ f6 19. exf6+ gxf6 20. Re1+ Kf7 21. Bc4+ Kg7 22. Bf4 Rhe8 23. Be6 Rad8 24. Nh4 h5 25. Nf5+ Kg6 26. Nh6 Re7 27. Bf5+ Kg7 28. Rxe7+ Bxe7 29. Be4 Bc5 30. Nf5+ Kf7 31. Kg2 a5 32. Bf3 Rh8 33. a4 Kg6 34. Nh4+ Kg7 35. Kf1 Kf7 36. Be4 Ke6 37. Bf3 Bd6 38. Be3 Bc5 39. Ng6 Rd8 1-0